Don't let the pigeon drive the bus!. (Record no. 115442)
[ view plain ]
| 000 -LEADER | |
|---|---|
| fixed length control field | 00312nam a2200133 a 4500 |
| 001 - CONTROL NUMBER | |
| control field | 4140 |
| 005 - DATE AND TIME OF LATEST TRANSACTION | |
| control field | 20140414132146.0 |
| 008 - FIXED-LENGTH DATA ELEMENTS--GENERAL INFORMATION | |
| fixed length control field | 090218s19uu xx 00 eng d |
| 050 ## - LIBRARY OF CONGRESS CALL NUMBER | |
| Classification number | TR |
| Item number | D65 2003 |
| 100 ## - MAIN ENTRY--PERSONAL NAME | |
| Personal name | Willems, Mo |
| 245 ## - TITLE STATEMENT | |
| Title | Don't let the pigeon drive the bus!. |
| Withdrawn status | Lost status | Source of classification or shelving scheme | Damaged status | Home library | Current library | Shelving location | Date acquired | Source of acquisition | Total Checkouts | Full call number | Barcode | Date last seen | Price effective from | Koha item type |
|---|---|---|---|---|---|---|---|---|---|---|---|---|---|---|
| Library of Congress Classification | Munich Library | Munich Library | Teachers Reference Section | 03/17/2009 | Donation | TR D65 2003 | M4945 | 04/14/2014 | 04/14/2014 | Books | ||||
| Munich Library | Munich Library | Teachers Reference Section | 03/11/2014 | TR D65 2003 | MU6678 | 04/14/2014 | 04/14/2014 | Books |